000 00360nam a22001337a 4500
020 _a0-13-295329-3
082 _a620.112028 SAN'K
100 _aSANDER, B. L
_976044
245 _aEXPERIMENTS IN STRENGTH OF MATERIALS
260 _aNEWJERSEY
_bPRENTICE HALL
_c1980
300 _a110P
650 _aSTRENGTH OF MATERIALS LABORATORY MANUALS
_976045
942 _cBK
999 _c581445
_d581445